000 00731cam a2200241 a 4500
001 000007447
005 20200929154155.0
008 000919s2000 sp b 000 0 spa
020 _a843060409X
040 _aDO-SdBNP
_bspa
_cBNPHU
082 _a865.64
_bG857s, 2000
100 1 _aGrijelmo, Álex,
_d1956-
_920703
245 1 3 _aLa seducción de las palabras /
_cÁlex Grijelmo.
250 _a3a ed.
260 _aMadrid :
_bTaurus,
_c2000.
300 _a289 p. ;
_c22 cm.
490 1 _aPensamiento
504 _aIncluye referencias bibliográficas (p. 283-287).
650 4 _aOratoria española
_913681
650 4 _aLiteratura española
_9632
830 0 _aPensamiento ;
_99245
830 0 _aPensamiento (Taurus (Firm))
_920704
999 _c7228
_d7228